Estimulación de las funciones ejecutivas y su influencia en el rendimiento académico en escolares de primero básico (Record no. 207806)

MARC details
000 -CABECERA
campo de control de longitud fija 02715cab a2200289 a 4500
005 - FECHA Y HORA DE LA ÚLTIMA TRANSACCIÓN
campo de control 20260110063931.0
008 - ELEMENTOS DE LONGITUD FIJA--INFORMACIÓN GENERAL
campo de control de longitud fija 991125c2020 ag zr p o 000 0 spa d
035 ## - NÚMERO DE CONTROL DEL SISTEMA
Número de control de sistema UPN01000235711
040 ## - FUENTE DE LA CATALOGACIÓN
Centro catalogador/agencia de origen MX-MxUPN
Lengua de catalogación spa
Normas de descripción aacr2
049 ## - COLECCIÓN
Colección ART-E
100 1# - ASIENTO PRINCIPAL--NOMBRE PERSONAL
Nombre de persona Bernal Ruiz, Francisca
100 1# - ASIENTO PRINCIPAL--NOMBRE PERSONAL
Nombre de persona Rodríguez Vera, Montserrat
100 1# - ASIENTO PRINCIPAL--NOMBRE PERSONAL
Nombre de persona Ortega, Alonso
245 10 - MENCIÓN DE TÍTULO
Título Estimulación de las funciones ejecutivas y su influencia en el rendimiento académico en escolares de primero básico
Medio [recurso electrónico en línea]
506 0# - NOTA DE RESTRICCIONES AL ACCESO
Limitaciones de acceso Acceso abierto
520 3# - NOTA DE RESUMEN, ETC.
Sumario, etc. El estudio de la estimulación de las funciones ejecutivas (FE) en la infancia ha generado un creciente interés investigativo en la última década, especialmente por su relación con el desempeño académico y éxito escolar. De acuerdo a esto, el presente estudio tiene por objetivo estudiar el efecto de un programa de estimulación de las FE sobre el desempeño ejecutivo y el rendimiento académico de una muestra de 43 estudiantes de primero básico de la comuna de Valparaíso (Chile), de edades entre 6 y 7 años. Para ello, se implementó un diseño factorial mixto. La intervención duró 12 semanas y se llevó a cabo en el aula, dirigida por un educador diferencial y con el apoyo de la profesora del curso. Los resultados evidencian la existencia de un efecto significativo del programa implementado en la mejora del desempeño ejecutivo de los participantes, particularmente del grupo experimental. Tales efectos no fueron replicados en el rendimiento académico, lo que podría encontrar una posible explicación en los factores contextuales relacionados con las condiciones de precariedad de la institución educativa. Se observó además un efecto diferenciado del programa sobre el componente de control inhibitorio. Los hallazgos generales ponen de manifiesto la relevancia de la estimulación de las FE en la infancia temprana y los beneficios que esto puede reportar en contextos educativos. Además, sugiere el potencial aporte de la incorporación de este tipo de intervenciones en las prácticas docentes cotidianas.
650 #4 - ASIENTO SECUNDARIO DE MATERIA - TERMINO TEMATICO
Término de materia o nombre geográfico como elemento de entrada Rendimiento académico
9 (RLIN) 3961
650 #4 - ASIENTO SECUNDARIO DE MATERIA - TERMINO TEMATICO
Término de materia o nombre geográfico como elemento de entrada Educación básica
9 (RLIN) 7340
650 #2 - ASIENTO SECUNDARIO DE MATERIA - TERMINO TEMATICO
Término de materia o nombre geográfico como elemento de entrada Estimulación temprana
9 (RLIN) 7970
650 #2 - ASIENTO SECUNDARIO DE MATERIA - TERMINO TEMATICO
Término de materia o nombre geográfico como elemento de entrada Desarrollo cognoscitivo
9 (RLIN) 5390
653 0# - TERMINO DE INDIZACION - NO CONTROLADO
Término no controlado Funciones ejecutivas
773 ## - ENLACE AL DOCUMENTO FUENTE/ENTRADA DE REGISTRO ANFITRIÓN
Parte(s) relacionada(s) Vol. 37, no. 1 (2020), p. 1-34
Título Interdisciplinaria : revista de psicología y ciencias afines
Número Internacional Normalizado para Publicaciones Seriadas 1668-7027
856 40 - LOCALIZACIÓN Y ACCESO ELECTRÓNICOS
Identificador Uniforme del Recurso <a href="http://www.ciipme-conicet.gov.ar/ojs/index.php?journal=interdisciplinaria&page=article&op=view&path%5B%5D=384&path%5B%5D=pdf">http://www.ciipme-conicet.gov.ar/ojs/index.php?journal=interdisciplinaria&page=article&op=view&path%5B%5D=384&path%5B%5D=pdf</a>
856 40 - LOCALIZACIÓN Y ACCESO ELECTRÓNICOS
Identificador Uniforme del Recurso <a href="http://dx.doi.org/10.16888/interd.2020.37.1.6">http://dx.doi.org/10.16888/interd.2020.37.1.6</a>
Nota pública Consultar articulo completo
905 ## - TIPO DE MATERIAL
Tipo de material Articulo
942 ## - ELEMENTOS DE PUNTO DE ACCESO ADICIONAL (KOHA)
Tipo de ítem Koha Artículo Electrónico
Holdings
Estado de retiro Estado de pérdida Estado dañado No para préstamo Código de colección Localización permanente Ubicación/localización actual Ubicación en estantería Fecha de adquisición Fecha visto por última vez Identificador Uniforme del Recurso Tipo de ítem Koha
        Acceso abierto Bib. Gregorio Torres Quintero Bib. Gregorio Torres Quintero En línea 17/08/2022 17/08/2022 http://dx.doi.org/10.16888/interd.2020.37.1.6 Artículo Electrónico